000 00351 a2200157 4500
001 152911
040 _cEscola São Tomás de Aquino
100 _aJOSÉ, Elias
240 1 0 _aPoemas para matar a saudade
_lpor
245 1 0 _aPoemas para matar a saudade
300 _a50
362 0 _a2009
440 1 _aDimensão
697 _aPoesia
942 _cBK
999 _c152911
_d152911